Statistics for Literature by Letter - F

Click here to take the quiz!

General Stats

  • This quiz has been taken 10,856 times
    (10,824 since last reset)
  • The average score is 14 of 20

Answer Stats

HintAnswer% Correct
Mary Shelley book about a mad scientist who created a monsterFrankenstein
96%
Type of story famously told by AesopFable
93%
Author of "The Great Gatsby"F. Scott Fitzgerald
93%
Relative of Bilbo who took a ring into MordorFrodo
86%
Literature genre possibly featuring elves and magicFantasy
85%
Last name of Atticus, Jem, and ScoutFinch
84%
Hemingway book about WWIA {Farewell} to Arms
80%
The first rule is, don't talk about this novel by Chuck PalahniukFight Club
78%
Magical transportation device used by AladdinFlying Carpet
78%
In Greek mythology, Jason sought this golden itemFleece
75%
Ray Bradbury novel about book-burningFahrenheit 451
72%
Literary device of hinting about future eventsForeshadowing
63%
John Green book about teens with cancer who fall in loveFault in Our Stars, The
61%
Goethe character who sold his soul for unlimited knowledgeFaust
61%
Sequel to "The Barber of Seville"The Marriage of {Figaro}
61%
Literary device of leaping back to describe earlier eventsFlashback
57%
Term for an Islamic ruling. Ayatollah Khomeini issued one calling for the
death of author Salman Rushdie
Fatwa
55%
Ghost ship that can never make port; seeing it is a bad omenFlying Dutchman
49%
Novel about a man given super intelligence through surgery{Flowers} for Algernon
48%
Author of "Bridget Jones's Diary"Helen Fielding
31%

Score Distribution

Percentile by Number Answered

Percent of People with Each Score

Your Score History

You have not taken this quiz since the last reset